[Event "AUTO-OPEN-546"]
[Site "http://www.queenalice.com/game.php?id=164805"]
[Date "2007.2.7"]
[Round "1"]
[White "menssor"]
[Black "hartto"]
[Result "0-1"]
[WhiteElo "1345"]
[BlackElo "1966"]

1. d4 g6 2. e4 Bg7 3. Nc3 e5 4. d5 Nf6 5. Bg5 O-O 6. Qd2 d6 7. Bh6 c6 8. dxc6
Nxc6 9. Nd5 Nxe4 10. Qe3 Bf5 11. Bd3 Qa5+ 12. c3 Qxd5 13. c4 Qd4 14. Bxg7 Kxg7
15. Ne2 Qxe3 16. fxe3 Nb4 17. Bxe4 Bxe4 18. Rc1 Nxa2 19. Ra1 Nb4 20. Ra4 Nd3+
21. Kd2 Nxb2 22. Rb4 Nd3 23. Rb3 Nf2 24. Rf1 Ng4 25. h3 Bxg2 26. Rg1 Bxh3 27.
Rg3 Nf2 28. Ke1 Be6 29. Rb2 Bxc4 30. Kxf2 Bxe2 31. Kxe2 b6 32. Rd2 Rfd8 33. Rh3
a5 0-1

[Event "AUTO-OPEN-546"]
[Site "http://www.queenalice.com/game.php?id=164806"]
[Date "2007.2.7"]
[Round "1"]
[White "hartto"]
[Black "menssor"]
[Result "1-0"]
[WhiteElo "1898"]
[BlackElo "1462"]

1. d4 d5 2. c4 dxc4 3. Nc3 Nc6 4. d5 Nb4 5. e4 f5 6. Qa4+ c6 7. Qxb4 e6 8. Qxc4
exd5 9. exd5 cxd5 10. Nxd5 Be6 11. Nc7+ Ke7 12. Qxe6# 1-0

[Event "Challenge"]
[Site "http://www.queenalice.com/game.php?id=165328"]
[Date "2007.2.8"]
[Round "-"]
[White "menssor"]
[Black "Goles_Giovano"]
[Result "0-1"]
[WhiteElo "1488"]
[BlackElo "1890"]

1. d4 d5 2. Nc3 e6 3. Nf3 c5 4. Bf4 a6 5. e3 Nc6 6. Bb5 axb5 7. Nxb5 Qa5+ 8. Nc3
cxd4 9. Nxd4 Nxd4 10. exd4 Nf6 11. Bd2 Qb6 12. Qf3 Qxd4 13. O-O-O Qg4 14. Nb5
Qxf3 15. gxf3 Rxa2 16. Nc7+ Kd7 17. Kb1 Ra4 18. b3 Rh4 19. Bg5 Rh5 20. Bxf6 gxf6
21. Nb5 Rg8 22. c4 Kc6 23. Na7+ Kc7 24. cxd5 exd5 25. Rc1+ Kb8 26. Nxc8 Bh6 27.
Rc5 Rxc8 28. Rb5 Rf5 29. Kb2 Re5 30. Ra1 Re2+ 31. Kb1 Rc1# 0-1

[Event "Challenge"]
[Site "http://www.queenalice.com/game.php?id=165342"]
[Date "2007.2.8"]
[Round "-"]
[White "menssor"]
[Black "gruber"]
[Result "0-1"]
[WhiteElo "1360"]
[BlackElo "1377"]

1. d4 e6 2. e4 Nc6 3. d5 Ne5 4. Bf4 Qf6 5. Qh5 Qxf4 6. Nh3 Qc1+ 7. Qd1 Qxb2 8.
Nd2 g6 9. Rb1 Qxa2 10. dxe6 dxe6 11. Bc4 Nxc4 12. Nxc4 Qxc4 13. Ng5 Bd7 14. Qf3
f5 15. c3 Bh6 16. h4 a5 17. exf5 exf5 0-1

[Event "Challenge"]
[Site "http://www.queenalice.com/game.php?id=165344"]
[Date "2007.2.8"]
[Round "-"]
[White "menssor"]
[Black "pepeillo"]
[Result "0-1"]
[WhiteElo "1399"]
[BlackElo "1494"]

1. d4 d5 2. Nc3 e6 3. Bf4 Qf6 4. Nh3 h6 5. Nb5 Na6 6. Bxc7 Bd7 7. e3 Rc8 8. Bd6
Rc6 9. Bxf8 Kxf8 10. Nf4 g6 11. Nxa7 Ne7 12. Nxc6 Bxc6 13. Bd3 Rg8 14. Bxa6 bxa6
15. Qd3 Bb5 16. Qa3 Qf5 17. f3 Qxc2 18. Qb3 Qf5 19. a4 Bc4 0-1

[Event "Challenge"]
[Site "http://www.queenalice.com/game.php?id=165345"]
[Date "2007.2.8"]
[Round "-"]
[White "menssor"]
[Black "paulmaster"]
[Result "0-1"]
[WhiteElo "1301"]
[BlackElo "1769"]

1. d4 e6 2. Nc3 Bb4 3. e4 c5 4. d5 exd5 5. exd5 Nf6 6. d6 O-O 7. Bg5 h6 8. Bxf6
Qxf6 9. a3 Bxc3+ 10. bxc3 Qxc3+ 11. Qd2 Qxa1+ 12. Qd1 Qxd1+ 13. Kxd1 b6 14. Nf3
Ba6 15. Bxa6 Nxa6 16. Ne5 Rad8 17. Nc6 dxc6 18. Ke2 Rxd6 19. f4 Re8+ 20. Kf3 Rd2
21. g4 Red8 22. Re1 Rxc2 23. g5 h5 24. f5 Rc3+ 25. Kf4 Rd4+ 26. Ke5 Rd5+ 27. Ke4
Rc4+ 28. Kf3 Rd3+ 0-1

[Event "Challenge"]
[Site "http://www.queenalice.com/game.php?id=165348"]
[Date "2007.2.8"]
[Round "-"]
[White "menssor"]
[Black "xcorex"]
[Result "0-1"]
[WhiteElo "1478"]
[BlackElo "1804"]

1. d4 e5 2. dxe5 f6 3. exf6 Nxf6 4. Nc3 d5 5. Bf4 Bc5 6. Nb5 Na6 7. Qd3 O-O 8.
Nf3 Bg4 9. Ng5 Bxf2+ 10. Kxf2 Ne4+ 11. Nxe4 Rxf4+ 12. Kg3 Bxe2 13. Bxe2 Qh4# 0-1

[Event "Challenge"]
[Site "http://www.queenalice.com/game.php?id=165360"]
[Date "2007.2.8"]
[Round "-"]
[White "menssor"]
[Black "marecup"]
[Result "1-0"]
[WhiteElo "1461"]
[BlackElo "1489"]

1. d4 d5 2. Nc3 Nf6 3. Nf3 Nc6 4. Bf4 Bf5 5. Nb5 a6 6. Nxc7+ Kd7 7. Nxa8 Qxa8 8.
c3 Ne4 9. Qd3 f6 10. Nh4 g5 11. Nxf5 gxf4 12. c4 e6 13. cxd5 exd5 14. e3 Nb4 15.
Qb3 Rg8 16. Qa4+ Nc6 17. Bb5 Ke6 18. Nh4 Nb4 19. Rc1 Qb8 20. Bd7+ Kd6 21. Nf5#
1-0

[Event "AUTO-OPEN-548"]
[Site "http://www.queenalice.com/game.php?id=165377"]
[Date "2007.2.8"]
[Round "1"]
[White "menssor"]
[Black "salso"]
[Result "0-1"]
[WhiteElo "1407"]
[BlackElo "1960"]

1. d4 Nf6 2. Bf4 c6 3. Nf3 d6 4. e3 Nh5 5. Nc3 Nxf4 6. exf4 Nd7 7. Bc4 b5 8. Bb3
a5 9. O-O e6 10. Ng5 Nf6 0-1

[Event "AUTO-OPEN-548"]
[Site "http://www.queenalice.com/game.php?id=165404"]
[Date "2007.2.8"]
[Round "1"]
[White "alexsoncini"]
[Black "menssor"]
[Result "1-0"]
[WhiteElo "2003"]
[BlackElo "1401"]

1. d4 d5 2. e3 Nf6 3. Bd3 Nc6 4. c3 Bg4 5. Nf3 Ne4 6. Nbd2 Nxd2 7. Bxd2 Qd6 8.
Qa4 g6 9. Ne5 f6 10. Nxg4 f5 11. Ne5 a6 12. Nxc6 bxc6 13. c4 Bh6 14. cxd5 Qxd5
15. Rc1 Qxg2 16. Qxc6+ Qxc6 17. Rxc6 1-0

[Event "AUTO-OPEN-548"]
[Site "http://www.queenalice.com/game.php?id=165405"]
[Date "2007.2.8"]
[Round "1"]
[White "menssor"]
[Black "alexsoncini"]
[Result "0-1"]
[WhiteElo "1403"]
[BlackElo "2001"]

1. d4 Nf6 2. Nc3 d5 3. Bf4 c6 4. e3 Nbd7 5. Nf3 e6 6. Ne5 Qa5 7. Nxd7 Bxd7 8. g4
Ne4 9. Qd3 Bb4 10. O-O-O Bxc3 11. bxc3 Nxf2 12. Bg2 Nxd3+ 13. Rxd3 c5 14. dxc5
Qxc5 15. g5 Bb5 16. c4 Bxc4 17. Rc3 O-O 0-1

[Event "AUTO-OPEN-548"]
[Site "http://www.queenalice.com/game.php?id=165423"]
[Date "2007.2.8"]
[Round "1"]
[White "menssor"]
[Black "miluetz"]
[Result "0-1"]
[WhiteElo "1399"]
[BlackElo "1496"]

1. d4 d5 2. Nc3 Nf6 3. Bf4 Nc6 4. Nb5 e5 5. dxe5 Bb4+ 6. c3 Nh5 7. cxb4 Nxf4 8.
g3 Ne6 9. Bg2 O-O 10. Bxd5 Bd7 0-1

[Event "AUTO-INT-340"]
[Site "http://www.queenalice.com/game.php?id=165586"]
[Date "2007.2.8"]
[Round "1"]
[White "menssor"]
[Black "mfrezman"]
[Result "0-1"]
[WhiteElo "1337"]
[BlackElo "1654"]

1. d4 Nf6 2. Nc3 d6 3. Nf3 h6 4. e4 Nc6 5. d5 Ne5 6. Bb5+ Bd7 7. Bxd7+ Qxd7 8.
Nxe5 dxe5 9. f4 exf4 10. e5 Ng4 11. O-O Nxe5 0-1

[Event "AUTO-INT-340"]
[Site "http://www.queenalice.com/game.php?id=165587"]
[Date "2007.2.8"]
[Round "1"]
[White "mfrezman"]
[Black "menssor"]
[Result "1-0"]
[WhiteElo "1657"]
[BlackElo "1334"]

1. Nf3 d5 2. d4 Nc6 3. Bf4 Nf6 4. h3 Nh5 5. Bh2 Bf5 6. Nbd2 Nb4 7. e4 Bxe4 8.
Nxe4 dxe4 9. Ne5 f6 10. Qxh5+ g6 11. Nxg6 Nxc2+ 12. Ke2 1-0

[Event "AUTO-INT-340"]
[Site "http://www.queenalice.com/game.php?id=165588"]
[Date "2007.2.8"]
[Round "1"]
[White "menssor"]
[Black "loko"]
[Result "0-1"]
[WhiteElo "1488"]
[BlackElo "1799"]

1. d4 d5 2. Nc3 c6 3. Nf3 Bf5 4. Bf4 Nd7 5. e3 e6 6. Bd3 Bb4 7. a3 Bxc3+ 8. bxc3
Bxd3 9. cxd3 Ne7 10. Bd6 O-O 11. Ng5 h6 12. Qh5 hxg5 13. Qxg5 Nf6 14. Qe5 Ng6
15. Qg3 Re8 16. Rb1 b6 17. e4 dxe4 18. Bc7 Qd7 19. Be5 Nxe5 20. Qxe5 exd3 21.
O-O Nd5 22. Rfd1 Nxc3 23. Qh5 Nxb1 24. Rxb1 Qxd4 25. Rb4 Qa1+ 26. Rb1 Qxb1+ 27.
Qd1 Qxd1# 0-1

[Event "AUTO-INT-340"]
[Site "http://www.queenalice.com/game.php?id=165589"]
[Date "2007.2.8"]
[Round "1"]
[White "loko"]
[Black "menssor"]
[Result "1-0"]
[WhiteElo "1855"]
[BlackElo "1362"]

1. e4 d5 2. e5 Nc6 3. d4 Bf5 4. Nf3 Nb4 5. Bb5+ c6 6. Ba4 b5 7. Bb3 a5 8. c3
Nd3+ 9. Ke2 a4 10. Bc2 Nxc1+ 11. Qxc1 Bg4 12. Nd2 Qa5 13. Re1 Nh6 14. h3 Bxf3+
15. Nxf3 b4 16. Kf1 bxc3 17. bxc3 Qxc3 18. Qd1 e6 19. Bxa4 Qc4+ 20. Kg1 Rxa4 21.
Rc1 Qxa2 22. Rxc6 Bb4 23. Rc8+ Ke7 24. Rxh8 Bxe1 25. Qxe1 f5 26. exf6+ gxf6 27.
Rxh7+ Nf7 28. Kh2 Qb2 29. Qe3 Ra3 30. Qf4 e5 31. dxe5 1-0

[Event "AUTO-INT-340"]
[Site "http://www.queenalice.com/game.php?id=165590"]
[Date "2007.2.8"]
[Round "1"]
[White "menssor"]
[Black "jocker_1"]
[Result "0-1"]
[WhiteElo "1306"]
[BlackElo "1116"]

1. d4 d5 2. Nc3 Nf6 3. Bf4 Bf5 4. Nb5 Na6 5. f3 Bd7 6. e3 e6 7. g4 Bxb5 8. Bxb5+
c6 9. Bxa6 bxa6 10. g5 Be7 11. Qd3 Nh5 12. Qxa6 O-O 13. Qxc6 Nxf4 14. exf4 Rc8
15. Qb7 Rb8 16. Qxa7 Rxb2 17. Nh3 Bb4+ 18. Kf2 Rxc2+ 19. Kg3 Bc3 20. Rac1 Rxc1
0-1

[Event "AUTO-INT-340"]
[Site "http://www.queenalice.com/game.php?id=165591"]
[Date "2007.2.8"]
[Round "1"]
[White "jocker_1"]
[Black "menssor"]
[Result "1-0"]
[WhiteElo "1140"]
[BlackElo "1282"]

1. d4 d5 2. c4 dxc4 3. e3 e6 4. Bxc4 c6 5. Nf3 b5 6. Bd3 Bb4+ 7. Nfd2 Qd5 8. O-O
Bb7 9. Nc3 Qg5 10. Nce4 Qg6 11. Nd6+ Bxd6 12. Bxg6 hxg6 13. Ne4 Bb4 14. Nd6+
Bxd6 15. a3 Bxh2+ 16. Kh1 c5 17. f3 Bg3+ 18. Kg1 Bh2+ 19. Kf2 Nf6 20. dxc5 Ne4+
21. fxe4 Bxe4 22. a4 O-O 23. axb5 Rc8 24. b6 Rxc5 25. Qd8+ Kh7 26. Qh4+ 1-0